Η εκκλησία της Σάμου : από της ιδρύσεως αυτής μέχρι σήμερον
Saved in:
| Main Author: | |
|---|---|
| Format: | Book |
| Language: | Greek |
| Published: |
Σιδηρόκαστρο :
[Βιβλιοδετική Μέλισσα],
1990.
|
| Edition: | 2η έκδ. |
| Subjects: | |
| Tags: |
Add Tag
No Tags, Be the first to tag this record!
|
MARC
| LEADER | 00000cam a2200000 i 4500 | ||
|---|---|---|---|
| 001 | 1/3300 | ||
| 008 | 100118r19901967gr | ||| |||| ||gre|| | ||
| 035 | |l 10106326 | ||
| 040 | |a GR-MyUa |b gre |e AACR2 | ||
| 041 | 0 | |a gre | |
| 082 | 7 | |a 281.9499 |2 (22) | |
| 100 | 0 | |a Ιωάννης, |c Μητροπολίτης Σιδηροκάστρου. | |
| 245 | 1 | 2 | |a Η εκκλησία της Σάμου : |b από της ιδρύσεως αυτής μέχρι σήμερον / |c Μητροπολίτου Σιδηρόκαστρου Ιωάννου. |
| 250 | |a 2η έκδ. | ||
| 260 | |a Σιδηρόκαστρο : |b [Βιβλιοδετική Μέλισσα], |c 1990. | ||
| 300 | |a 382 σ. : |b εικ. ; |c 24 εκ. | ||
| 500 | |a Η 1η έκδ. έγινε στη Σάμο το 1967. | ||
| 504 | |a Περιέχει βιβλιογραφικές αναφορές και ευρετήριο. | ||
| 610 | 2 | 0 | |a Orthodox Eastern Church |z Greece |z Samos (Municipality) |x History. |
| 651 | 0 | |a Samos (Greece : Municipality) |x Church history. | |
| 852 | |a INST |b SAMOS |e 20100118 |h 281.9499 ΙΩΑ |p 005300030877 |q 005300030877 |t BK |y 0 | ||
| 901 | |a BIBL3-2010-1 | ||
| 970 | |a ΣΙΤΖΙΜΗ |b ΓΙΑΣΕΜΗ |z 2010/01/18 | ||